| 000 | 00654nam a2200241 i 4500 | ||
|---|---|---|---|
| 001 | bg | ||
| 100 | 1 |
_aGombrowicz, Witold _d(1904-1969). |
|
| 245 | 1 | 0 |
_aTrans-Atlantyk / _cWitold Gombrowicz. |
| 260 |
_aKraków : _b"Mediasat Poland", _c[2005]. |
||
| 300 |
_a95, [1] s. ; _c22 cm. |
||
| 490 | 1 |
_aKolekcja Gazety Wyborczej : XX wiek ; _v38 |
|
| 650 | 9 |
_aPowieść polska _y20 w. |
|
| 830 | 0 |
_aKolekcja Gazety Wyborczej ; _v38 |
|
| 020 | _a8389651866 | ||
| 020 | _a849789877X | ||
| 040 | _cBPK | ||
| 041 | 0 | _apol | |
| 044 | _aPOL | ||
| 080 | _a821.162.1-3 | ||
| 920 | _a83-89651-86-6 | ||
| 942 | _cKS | ||
| 008 | s pl f |000 0 pol | ||
| 999 |
_c55675 _d55675 |
||
| 856 |
_uhttp://koha.tu.koszalin.pl/cgi-bin/koha/opac-detail.pl?biblionumber=55675 _yKatalog online BPK |
||